000 00433nam a2200181Ia 4500
001 17382
005 20260306171513.0
008 260306s9999||||xx |||||||||||||| ||und||
041 _aESP
082 _a657.835
_bA41
100 _aAlfaro Linares, Jacinto
_eAUT
245 0 _aSistema Nacional de Tesorería
260 _c2022
300 _a126 páginas :
_c24 cm.
650 _aGEN
654 _aCCO
942 _cLIB
_dJUS
_fJUS
_2ddc
_n
999 _c17382
_d17382